000 00503nam 22001693 4500
001 199120
090 _a199120
100 _a20251118d u||y0pory50 ba
200 _aNós os povos
_eo papel das nações unidas no século XXI
_fKofi A. Annan
210 _aLisboa
_c Organização das Nações Unidas
_d[19--?]
215 _a91 p.
_cBrochado
_d27 cm
606 _91246
_aPolítica
675 _a32
_vPT
_zpor
700 _915016
_aAnnan
_bKofi A.
801 _aPT
_bBMMN
_gRPC
830 _cFernando
_fFernando
990 _cLIVROS